| 000 | 00472 a2200169 4500 | ||
|---|---|---|---|
| 003 | OSt | ||
| 005 | 20240523123033.0 | ||
| 008 | 230818b |||||||| |||| 00| 0 eng d | ||
| 020 | _a9789354601866 | ||
| 040 | _coclc | ||
| 082 |
_a332.6457 _bPAR/D |
||
| 100 |
_aParasuraman, N R _99323 |
||
| 245 |
_aDERIVATIVES AND RISK MANAGEMENT / _cN R Parasuraman |
||
| 250 | _a4th ed. | ||
| 300 | _a335p | ||
| 942 |
_2ddc _cBK _h332.6457 _iPAR/D _k332.6457 _mPAR/D |
||
| 999 |
_c41916 _d41916 |
||